000 01014cam a2200229 4500
001 ABS67009
008 030820n2003 000 0 eng u
035 _a(Sirsi) u123322
100 _aFluechter, W.
245 _aTokyo before the next earthquake
260 _c2003
490 _aTown Planning Review
_v74(2) April 2003, 213-238(227)
520 _aArgues that disaster planning should be an important part of sustainable development policy taking Tokyo as an example. Assesses the development of different approaches to disaster planning strategies and urban planning in Tokyo from the 1950s. Concludes with questions, theories and remarks on disaster prevention in Tokyo from the standpoints of sustainable development, planning theory and practice. References.
590 _aABS
650 _aEARTHQUAKES
650 _aDISASTER PLANNING
650 _aRISK ASSESSMENT
650 _aJAPAN
650 _aTOKYO
690 _aENVIRONMENTAL AND LAND CONSULTANCY-PLANNING AND DEVELOPMENT
942 _n0
999 _c73258
_d73258